|
|
|
|
| LEADER |
00000cam a2200000 a 4500 |
| 001 |
vtls001327264 |
| 003 |
SK-MaSNL |
| 005 |
20260301065755.0 |
| 008 |
240318s1997 xo a cr 000 0 cze |
| 015 |
|
|
|a SNBA1998/08-02837
|
| 020 |
|
|
|a 8088824710
|q (viaz.)
|
| 035 |
|
|
|a SNK000280059
|
| 035 |
|
|
|a urn:nbn:sk:snk-amyhst
|
| 035 |
|
|
|a urn:nbn:sk:snk-am00cko0
|
| 035 |
|
|
|a D316961C-8B89-487B-8859-814CF2DC467B
|
| 040 |
|
|
|a SNK
|b slo
|c SNK
|e AACR2
|
| 041 |
1 |
|
|a cze
|h fre
|
| 044 |
|
|
|a xo
|c SK
|
| 080 |
|
|
|a 379.831:061.25(035)=850
|2 1981
|
| 080 |
|
|
|a 061.25(035)=850
|2 1981
|
| 100 |
1 |
|
|a Kayser, Renée
|4 aut
|9 247154
|
| 240 |
1 |
0 |
|a Copain des bois
|l Česky
|
| 245 |
1 |
0 |
|a Přítel lesa
|b příručka pro mladé skauty
|c Renée Kayser ; ilustrovali Pierre Ballouhey, Eric Alibert, Hélene Appell-Mertigny, Alban Caumont, Pierre Samson ; překlad Irena Málková
|
| 250 |
|
|
|a 2. vyd.
|
| 260 |
|
|
|a Martin
|b Osveta
|c 1997
|
| 300 |
|
|
|a 285 s.
|b fareb. ilustr.
|c 25 cm
|
| 500 |
|
|
|a Preložené z francúzštiny
|
| 504 |
|
|
|a Register
|
| 650 |
0 |
7 |
|a skauting
|2 SNKPH
|9 3238
|
| 655 |
|
7 |
|a príručky
|2 SNKPH
|9 74364
|
| 655 |
|
7 |
|a publikácie pre deti
|2 SNKPH
|9 70148
|
| 700 |
1 |
|
|a Ballouhey, Pierre,
|d 1944-
|4 ill
|9 247155
|
| 700 |
1 |
|
|a Alibert, Éric,
|d 1958-
|4 ill
|9 247156
|
| 700 |
1 |
|
|a Appell-Mertiny, Hélène
|4 ill
|9 247157
|
| 700 |
1 |
|
|a Caumont, Alban,
|d 1946-
|4 ill
|9 247158
|
| 700 |
1 |
|
|a Samson, Pierre
|4 ill
|9 46668
|
| 700 |
1 |
|
|a Málková, Irena
|4 trl
|9 45513
|
| 852 |
|
|
|a Slovenská národná knižnica
|
| 919 |
|
|
|a 80-88824-71-0
|
| 954 |
|
|
|a iná literatúra (príručky, kuchárske knihy, hobby literatúra, sprievodcovia) cudzojazyčná (svetová)
|
| 958 |
|
|
|a TL
|
| 958 |
|
|
|a OP
|
| 958 |
|
|
|a NS
|
| 958 |
|
|
|a FR
|
| 958 |
|
|
|a CZ
|
| 968 |
|
|
|b FR
|
| 999 |
|
|
|c 631949
|d 633879
|
| 952 |
|
|
|t P60, <03>, [BOOK], {603}
|a SNK
|b SNK
|y PREZ
|7 0
|p 17A0130767
|o snkSB 58567
|i snkKSP 3767/98
|0 0
|1 0
|4 0
|d 1998-04-08
|f 1
|l 0
|r 2017-06-30 00:00:00
|w 2026-02-23
|
| 952 |
|
|
|t P60, <04>, [BOOK], {604}
|a SNK
|b SNK
|y VYP
|7 0
|p 17A0130768
|o snkSB 58567 D1
|i snkKSP 3768/98
|0 0
|1 0
|4 0
|d 1998-04-08
|l 0
|r 2005-01-02 00:00:00
|w 2026-02-23
|